UBT Library

The United Nations : (Record no. 1375)

000 -LEADER
fixed length control field 00617nam a22001817a 4500
008 - FIXED-LENGTH DATA ELEMENTS--GENERAL INFORMATION
fixed length control field 151119b xxu||||| |||| 00| 0 eng d
020 ## - INTERNATIONAL STANDARD BOOK NUMBER
International Standard Book Number 1403935408
041 0# - LANGUAGE CODE
Language code of text/sound track or separate title eng
080 ## - UNIVERSAL DECIMAL CLASSIFICATION NUMBER
Universal Decimal Classification number 327
100 1# - Rafti
Rafti Gareis, Sven.
240 10 - UNIFORM TITLE
Uniform title <a href="Vereinten Nationen.">Vereinten Nationen.</a>
Language of a work English
245 14 - TITLE STATEMENT
Title The United Nations :
Statement of responsibility, etc Sven Bernhard Gareis and Johannes Varwick ; translated by Lindsay P. Cohn.
260 ## -
-- Houndmills, Basingstoke, Hampshire ;
-- New York :
-- Palgrave Macmillan,
-- c2005.
300 ## -
-- xiv, 284 f. :
-- me ill. ;
-- 25 cm.
650 #0 -
-- Kombet e bashkuara
700 1# -
-- Varwick, Johannes.
942 ## - ADDED ENTRY ELEMENTS (KOHA)
Source of classification or shelving scheme
Item type Books
Holdings
Withdrawn status Lost status Source of classification or shelving scheme Damaged status Not for loan Collection code Permanent location Current location Shelving location Date acquired Total Checkouts Full call number Barcode Date last seen Price effective from Koha item type
          Koleksioni i përgjithshem UBT - Lipjan UBT - Lipjan Koleksioni i përgjithshem 12/09/2015   327 GAR 002-008770 06/19/2017 12/09/2015 Books
          Koleksioni i përgjithshem UBT - Lipjan UBT - Lipjan Koleksioni i përgjithshem 12/09/2015   327 GAR 002-008771 12/09/2015 12/09/2015 Books
UBT Library © 2015-2024. All rights reserved University Education for Business and Technology